000 00315nam a2200109Ia 4500
008 220204s9999 xx 000 0 und d
082 _aNR:330(048.1)
_bKWA
100 _aKaw Hun Woon
245 0 _aAbstract of thesis of RRIM staff on postgraduate program 1973-1978
260 _aKuala Lumpur
_bRRIM
_c1979
942 _cBK
999 _c43732
_d43732